Najokrąglejsze państwa świata - Statystyki

Ogólne statystyki
  • Ten quiz został rozwiązany 63 razy
  • Średni wynik to 2 z 5
Statystyki odpowiedzi
Podpowiedź Odpowiedź % Poprawnych
5. Polska
87%
4. Watykan
65%
2. Nauru
38%
1. Sierra Leone
38%
3. Zimbabwe
20%
Nie znaleziono quizów pasujących do podanych kryteriów
Rozkład punktacji
Procent ludzi z każdym wynikiem
Percentyl według liczby udzielonych odpowiedzi
Twoja historia wyników
Nie rozwiązałeś tego quizu